World oil & gas map /

Bibliographic Details
Corporate Authors: Petroleum Economist Ltd, Petroleum Economist Cartographic (Firm), Repsol (Firm)
Other Authors: Fuller, K., Bush, P.
Format: Map
Language:English
Published: London : Petroleum Economist Ltd., [2011]
Edition:2011/2012 ed.
Subjects:

MARC

Tag First Indicator Second Indicator Subfields
LEADER 00000cem a2200000Ma 4500
001 in00002716708
005 20151202141753.0
007 aj canzn
008 110801s2011 enk a 0 eng d
020 |a 186186308X 
020 |a 9781861863089 
034 1 |a a  |b 23000000  |d W1800000  |e E1800000  |f N0900000  |g S0650000 
035 |a (OCoLC)ocn745365630 
035 |a (OCoLC)745365630 
040 |a NLE  |c NLE  |d TXA  |d UtOrBLW 
049 |a TXAM 
052 |a 3201 
090 |a G3201.H8 2011  |b .P4 
110 2 |a Petroleum Economist Ltd. 
245 1 0 |a World oil & gas map /  |c produced by the Petroleum Economist Ltd., London, in association with Repsol, designed, produced and distributed by the Petroleum Economist Ltd. ; designed by K. Fuller and P. Bush. 
246 3 0 |a World oil and gas map 
246 1 |i Panel title:  |a Petroleum Economist World oil & gas map 
250 |a 2011/2012 ed. 
255 |a Scale 1:23,000,000  |c (W 180°--E 180°/N 90°--S 65°). 
264 1 |a London :  |b Petroleum Economist Ltd.,  |c [2011] 
264 4 |c ©2011 
300 |a 1 map :  |b color ;  |c 72 x 115 cm., folded to 31 x 21 cm. 
336 |a cartographic image  |b cri  |2 rdacontent 
337 |a unmediated  |b n  |2 rdamedia 
338 |a sheet  |b nb  |2 rdacarrier 
500 |a Relief and depths shown by gradient tints and shading. 
500 |a Shows gas fields, oil fields, gas pipelines, oil pipelines, liquefied natural gas import terminals, liquefied natural gas export plants, refineries, and tanker terminals. 
500 |a "Published July 2011". 
500 |a Includes 6 insert maps, and 3 charts. 
500 |a Inset maps: North Sea -- Brazil: pre-salt, Santos Basin -- United States Gulf of Mexico (Texas & Louisiana) -- Algeria -- Japan -- Major oil & gas discoveries 2010. 
500 |a Charts: World oil statistics 2010 -- World gas statistics 2010 -- LNG trade movements 2010 (provisional). 
500 |a Title panel, text and advertisement on verso. 
500 |a Cartographic material. 
650 0 |a Oil fields  |v Maps. 
650 0 |a Gas fields  |v Maps. 
650 0 |a Petroleum industry and trade  |v Maps. 
650 0 |a Gas industry  |v Maps. 
650 0 |a World maps. 
700 1 |a Fuller, K. 
700 1 |a Bush, P. 
710 2 |a Petroleum Economist Cartographic (Firm) 
710 2 |a Repsol (Firm) 
948 |a Cataloged  |b h  |c 2011/8/8  |d c  |e smckenzi 
994 |a C0  |b TXA 
999 |a MARS 
999 f f |s bdf6cdfe-8e3a-30a4-8f8c-bec522c83f01  |i c436c84c-925e-3d78-88b3-403165b9efa1  |t 0 
952 f f |p normal  |a Texas A&M University  |b College Station  |c Sterling C. Evans Library  |d Evans: Maps (2nd floor)  |t 0  |e G3201.H8 2011 .P4  |h Library of Congress classification  |i unmediated -- sheet  |m A14839267181 
998 f f |a G3201.H8 2011 .P4  |t 0  |l Evans: Maps (2nd floor)